Missing Word: 'O' Word in Every Category Quiz Stats

 Plays Quiz Updated Apr 19, 2018

Challenge
Share
Tweet
Embed
Score 0/15 Timer 02:00
2 Plays Today
Hint Missing Word % Correct
_____ De La HoyaOscar
91%
_____-3 Fatty AcidOmega
84.7%
_____ von BismarckOtto
82.6%
_____ English DictionaryOxford
82.3%
Christmas Tree _____Ornament
53.5%
August: _____ CountyOsage
51.9%
Jude the _____Obscure
42.6%
_____ BlackOrphan
38.4%
Hint Missing Word % Correct
_____ Manoeuvres in the DarkOrchestral
33.6%
Asterix and _____Obelix
30.6%
Bang & _____Olufsen
20%
Urbi et _____Orbi
17%
_____ Bridge connecting Denmark and Sweden├śresund
10.2%
Oddworld: Abe's _____Oddysee
6.4%
Oscar _____ - BadgeObsessed
2.8%

Today's Daily Dose

Missing Word
Podcasts A-Z

Word Ladder
Rowing

On This Day
January 22nd II

You're not logged in!

Compare scores with friends on all Sporcle quizzes.
OR
Log In

You Might Also Like...

Show Comments

Extras

Top Quizzes Today


Score Distribution

Your Account Isn't Verified!

In order to create a playlist on Sporcle, you need to verify the email address you used during registration. Go to your Sporcle Settings to finish the process.

Report this User

Report this user for behavior that violates our Community Guidelines.

Details: